| 000 | 00495 a2200109 4500 | ||
|---|---|---|---|
| 001 | ART_38034 | ||
| 005 | 20260410161803.0 | ||
| 008 | 260409a | ||
| 245 | 1 | 0 | _aLa función contable y de auditoría del síndico concursal en el análisis del límite de retroacción para declarar inoponibles los actos realizados por el deudor en el período de sospecha propuesta |
| 100 | 1 | _aRodríguez, Raquel E. | |
| 773 | 0 |
_tDoctrina Societaria y Concursal _g- Nº 340 (mar. 2016) _wREV4298 |
|
| 999 |
_c20756 _d20756 |
||